000 02571cam a22004574i 4500
003 PE-LiUPU
005 20250731173355.0
008 150706s r 000 0 d
035 _a(Sirsi) a48997
040 _aPE-LiUPU
_bspa
_cPE-LiUPU
_erda
049 _aPRUA
082 0 4 _a297.204
_bFDI
_221
100 1 _aMusavi Lari, Sayyid Mujtaba,
_eautor.
245 1 4 _aLos fundamentos de la doctrina islámica :
_bLibro II (Profecía) /
_cMujtaba Musavi Lari ; traducido por Hassan Abdul Ali Bize.
264 1 _a[Iran] :
_b[Sayyed Mujtaba Musavi Lari, Foundation of Islamic CPW],
_c[1978].
300 _a216 páginas ;
_c22 cm.
336 _atext
_2rdacontent
337 _aunmediated
_2rdamedia
338 _avolume
_2rdacarrier
505 0 _aLa profecía -- ¿A quién pertenece el derecho a legislar? -- Una rica y fructífera escuela de pensamiento -- Los milagros: una prueba efectiva y elocuente -- La respuesta de los profetas a los reclamos ilógicos de los politeístas -- ¿Qué es la revelación? -- La diferencia entre los profetas y los hombres geniales -- La infalibilidad de los profetas -- El esplendor del Profeta del Islam -- El comienzo de la misión -- El comienzo de la emigración -- Conozcamos mejor el Sagrado Corán -- El desafío del Corán para una confrontación directa -- La relación del Corán con la ciencia moderna (I) -- La relación del Corán con la ciencia moderna (II) -- La predicción de la derrota de una gran potencia -- Unidad y multiplicidad en los temas del Corán -- La inagotabilidad de las diferentes dimensiones del Corán -- El anuncio de la misión del profeta del islam por parte de Jesús -- El sello de la profecía -- Una respuesta a los materialistas.
526 _aSEG42
526 _aSEG41
526 _aSEG40
526 _aSEG39
526 _aP94
526 _aP87
526 _aP86
526 _aP85
526 _aP77
526 _aP76
526 _aP35
541 _g001-002141;
650 0 4 _aIslam
_xDoctrinas.
700 1 _aAbdul Ali Bize, Hassan,
_etr.
910 _agl
_bjck
_d20101026
942 _2ddc
_cBOOK
949 _a297.204 FDI 2
_wDEWEY
_c1
_i62218
_lCCODEBUL1
_mBUL
_p14.00
_r0
_sY
_tLIBRO
_u2015-07-06
_xTEOLOGIA
_PP35
_o.STAFF. Colección General
994 _aC0
_bPEPRU
596 _a1
999 _a297.204 FDI 2
_wDEWEY
_c51295
_i62218
_d51295
_f2021-11-11
_g6
_lCCODEBUL1
_mBUL
_p14.00
_q2
_r0
_sY
_tBOOK
_u2015-7-6
_xTEOLOGIA
_PP35
_0COMPRA
_o.STAFF. Colección General
980 _81
_gALBERTO SANCHEZ Responsable de Automatización